[Event "Luzern ol (Men)"]
[Site "Luzern"]
[Date "1982.??.??"]
[Round "4"]
[White "Zafar, Saeed Uz"]
[Black "Ruenwongsa, P."]
[Result "1-0"]
[WhiteElo "2255"]
[BlackElo "2275"]

1.e4 e5 2.Nf3 Nc6 3.Bb5 a6 4.Ba4 Nf6 5.O-O Be7 6.Re1 b5 7.Bb3 d6 8.c3 O-O
9.h3 Nb8 10.d4 Nbd7 11.a4 Bb7 12.Nbd2 Re8 13.Bc2 Bf8 14.b4 g6 15.Bd3 c6 16.Nb3 Qc7
17.dxe5 dxe5 18.Be3 c5 19.Bxc5 Bxc5 20.bxc5 Nxc5 21.Nxc5 Qxc5 22.Qb3 Bc6
23.Ng5 Qe7 24.axb5 axb5 25.c4 Nd7 26.cxb5 Bb7 27.Nf3 Nc5 28.Qc2 Nxd3 29.Qxd3 Rxa1
30.Rxa1 Rd8 31.Qb1 Qc5 32.Ra4 h6 33.Qb2 Re8 34.b6 Re6 35.Rb4 Kh7 36.Rb5 Qc4
37.Rb4 Qd3 38.Nxe5 Qd1+ 39.Kh2 Qd6 40.f4 g5 41.Rd4 Qb8 42.Rd7 Rf6 43.Rc7  1-0

[Event "Luzern ol (Men)"]
[Site "Luzern"]
[Date "1982.??.??"]
[Round "7"]
[White "Ljubojevic, Ljubomir"]
[Black "Hort, Vlastimil"]
[Result "1/2-1/2"]
[WhiteElo "2615"]
[BlackElo "2600"]

1.e4 e5 2.Nf3 Nc6 3.Bb5 a6 4.Ba4 Nf6 5.O-O Be7 6.Re1 b5 7.Bb3 d6 8.c3 O-O
9.h3 Nb8 10.d4 Nbd7 11.Nbd2 Bb7 12.Bc2 Re8 13.Nf1 Bf8 14.Ng3 g6 15.a4 c5
16.d5 c4 17.Be3 Bg7 18.Qd2 Qe7 19.Ra3 Rec8 20.Rea1 Qf8 21.Qc1 Qd8 22.axb5 axb5
23.Ba7 Ne8 24.Ra5 Nc7 25.R1a3 Qe7 26.Qd1 Bh6 27.Qa1 Rf8 28.Nh2 Bg5 29.Nhf1 h5
30.Ne3 Qf6 31.b3 cxb3 32.Bxb3 Nc5 33.Bb6 Rxa5 34.Bxa5 h4 35.Ngf1 Qe7 36.Bc2 Rb8
37.Ra2 Bc8 38.Qb1 N7a6 39.Rb2 Bd7 40.c4  1/2-1/2

[Event "POL-ch"]
[Site "POL"]
[Date "1982.??.??"]
[Round "?"]
[White "Jasnikowski, Zbigniew"]
[Black "Dobrzynski, Wojciech"]
[Result "1/2-1/2"]
[WhiteElo "2395"]
[BlackElo "2310"]

1.e4 e5 2.Nf3 Nc6 3.Bb5 a6 4.Ba4 Nf6 5.O-O Be7 6.Re1 b5 7.Bb3 d6 8.c3 O-O
9.h3 Nb8 10.d4 Nbd7 11.Nbd2 h6 12.Bc2 Re8 13.a4 c5 14.b3 Bf8 15.d5 Rb8 16.c4 b4
17.Nf1 Nh5 18.Ng3 Nxg3 19.fxg3 Be7 20.Rf1 Nf8 21.Qe1 Ng6 22.Ra2 Rf8 23.g4 Nh4
24.Rf2  1/2-1/2

[Event "Reykjavik op"]
[Site "Reykjavik"]
[Date "1982.??.??"]
[Round "?"]
[White "Byrne, Robert E"]
[Black "Abramovic, Bosko"]
[Result "1/2-1/2"]
[WhiteElo "2515"]
[BlackElo "2445"]

1.e4 e5 2.Nf3 Nc6 3.Bb5 a6 4.Ba4 Nf6 5.O-O Be7 6.Re1 b5 7.Bb3 d6 8.c3 O-O
9.h3 Nb8 10.d4 Nbd7 11.c4 c6 12.Nbd2 Qc7 13.Bc2 Qa7 14.cxb5 axb5 15.Nf1 c5
16.dxe5 dxe5 17.a4 Bb7 18.Ng3 c4 19.Be3 Qa5 20.axb5 Qxb5 21.Qe2 Bc6  1/2-1/2

[Event "Vinkovci"]
[Site "Vinkovci"]
[Date "1982.??.??"]
[Round "9"]
[White "Matulovic, Milan"]
[Black "Ledic, Tomislav"]
[Result "1/2-1/2"]
[WhiteElo "2460"]
[BlackElo "2310"]

1.e4 e5 2.Nf3 Nc6 3.Bb5 a6 4.Ba4 Nf6 5.O-O Be7 6.Re1 b5 7.Bb3 d6 8.c3 O-O
9.h3 Nb8 10.a4 Bb7 11.d3 Nbd7 12.axb5 axb5 13.Rxa8 Bxa8 14.Na3 Qb8 15.Nc2 Nc5
16.Ba2 Qa7 17.Bb1 Ne6 18.Ne3 Re8 19.Nf5 Bf8 20.d4 Nf4 21.dxe5 dxe5 22.Bxf4 exf4
23.e5 Nd5 24.Be4 Qc5 25.N5d4 g6 26.Nb3 Qc4 27.Na5 Qa2 28.Nb3 Ne3 29.fxe3 Bxe4
30.Ng5 Bc6 31.Nd4 Bd7 32.exf4 Qxb2  1/2-1/2

[Event "Vrnjacka Banja"]
[Site "Vrnjacka Banja"]
[Date "1982.??.??"]
[Round "12"]
[White "Tringov, Georgi P"]
[Black "Sahovic, Dragutin"]
[Result "1/2-1/2"]
[WhiteElo "2485"]
[BlackElo "2450"]

1.e4 e5 2.Nf3 Nc6 3.Bb5 a6 4.Ba4 Nf6 5.O-O Be7 6.Re1 b5 7.Bb3 d6 8.c3 O-O
9.h3 Nb8 10.d4 Nbd7 11.Nbd2 Bb7 12.Bc2 Re8 13.Nf1 Bf8 14.Ng3 g6 15.a4 Bg7
16.dxe5 dxe5 17.Be3 Qe7  1/2-1/2

[Event "Vrnjacka Banja"]
[Site "Vrnjacka Banja"]
[Date "1982.??.??"]
[Round "13"]
[White "Martinovic, Slobodan"]
[Black "Barlov, Dragan"]
[Result "1/2-1/2"]
[WhiteElo "2460"]
[BlackElo "2405"]

1.e4 e5 2.Nf3 Nc6 3.Bb5 a6 4.Ba4 Nf6 5.O-O Be7 6.Re1 b5 7.Bb3 d6 8.c3 O-O
9.h3 Nb8 10.d4 Nbd7 11.Nbd2 Bb7 12.Bc2 Re8 13.Nf1 Bf8 14.Ng3 g6 15.dxe5 Nxe5
16.Nxe5 dxe5 17.Be3  1/2-1/2

[Event "Bor"]
[Site "Bor"]
[Date "1983.??.??"]
[Round "4"]
[White "Sahovic, Dragutin"]
[Black "Campora, Daniel H"]
[Result "1/2-1/2"]
[WhiteElo "2475"]
[BlackElo "2485"]

1.e4 e5 2.Nf3 Nc6 3.Bb5 a6 4.Ba4 Nf6 5.O-O Be7 6.Re1 b5 7.Bb3 O-O 8.c3 d6
9.h3 Nb8 10.d4 Nbd7 11.Nbd2 Bb7 12.a4 c5 13.Bc2 Re8 14.b3 Bf8 15.d5 g6 16.Nf1 Nh5
17.Bg5 Qc7 18.g3 Bg7 19.N3d2 bxa4 20.bxa4 a5 21.Bb3 Nb6 22.Rb1 Rab8 23.Nc4 Nxc4
24.Bxc4 h6 25.Bd2 Bc8 26.Rxb8 Qxb8 27.Bb5 Rf8 28.Kg2 Qc7 29.Ne3 Kh7 30.Qe2 Bf6
31.Rb1 Bg5 32.Bc6 Qe7 33.Nc4 Bxd2 34.Nxd2 Qg5 35.Kh2 f5 36.h4 Qf6 37.Bb7 f4
38.Bxc8 Rxc8 39.Rb7+ Kh8 40.Kg2 Rf8  1/2-1/2

[Event "Bor"]
[Site "Bor"]
[Date "1983.??.??"]
[Round "10"]
[White "Jansa, Vlastimil"]
[Black "Abramovic, Bosko"]
[Result "1/2-1/2"]
[WhiteElo "2445"]
[BlackElo "2480"]

1.e4 e5 2.Nf3 Nc6 3.Bb5 a6 4.Ba4 Nf6 5.O-O Be7 6.Re1 b5 7.Bb3 d6 8.c3 O-O
9.h3 Nb8 10.d4 Nbd7 11.Nbd2 Bb7 12.Bc2 Re8 13.Nf1 d5 14.exd5 exd4 15.Nxd4 Bxd5
16.Bg5 Bf8 17.Ne3 Bb7 18.Ng4 Rxe1+ 19.Qxe1 c5 20.Nf5 Qb6 21.Nxf6+  1/2-1/2

[Event "Bor"]
[Site "Bor"]
[Date "1983.??.??"]
[Round "12"]
[White "Kurajica, Bojan"]
[Black "Rukavina, Josip"]
[Result "1/2-1/2"]
[WhiteElo "2525"]
[BlackElo "2465"]

1.e4 e5 2.Nf3 Nc6 3.Bb5 a6 4.Ba4 Nf6 5.O-O Be7 6.Re1 b5 7.Bb3 d6 8.c3 O-O
9.h3 Nb8 10.d4 Nbd7 11.Nbd2 Bb7 12.Bc2 c5 13.d5 c4 14.Nf1 Nc5 15.Ng3 g6 16.Bh6 Re8
17.a4  1/2-1/2

[Event "Bor"]
[Site "Bor"]
[Date "1983.??.??"]
[Round "12"]
[White "Abramovic, Bosko"]
[Black "Pavlovic, B."]
[Result "1-0"]
[WhiteElo "2480"]
[BlackElo "2200"]

1.e4 e5 2.Nf3 Nc6 3.Bb5 a6 4.Ba4 Nf6 5.O-O Be7 6.Re1 b5 7.Bb3 d6 8.c3 O-O
9.h3 Nb8 10.d4 Nbd7 11.c4 Bb7 12.Nc3 bxc4 13.Bxc4 h6 14.Bd2 Nb6 15.Bb3 Nfd7
16.Rc1 Bf6 17.Nd5 Nxd5 18.Bxd5 Bxd5 19.exd5 exd4 20.Ba5 Nb6 21.Nxd4 Qd7 22.Bxb6 cxb6
23.Rc6 b5 24.Qd3 Rfe8 25.Rec1 Re5 26.Nf3 Re7 27.b3 Qd8 28.Qf5 Rd7 29.Qc2 Qa5
30.Re1 g6 31.Qd2 b4 32.Rd1 Kg7 33.a4 Raa7 34.Qf4 Be7 35.Qc4 Rac7 36.Nd4 Bf6
37.Rxc7 Rxc7 38.Nc6 Qb6 39.a5 Qb7 40.Re1 Bc3 41.Re3 Qc8 42.Qe4 Qb7 43.g4 Qb5
44.Qd3 Rb7 45.Qe4 Qc5 46.Rf3 Bf6 47.Kg2 Rb5 48.Qf4  1-0

[Event "Buenos Aires"]
[Site "Buenos Aires"]
[Date "1983.??.??"]
[Round "9"]
[White "Hase, Juan C"]
[Black "Cuasnicu, Oscar"]
[Result "1/2-1/2"]
[WhiteElo "2415"]
[BlackElo "2390"]

1.e4 e5 2.Nf3 Nc6 3.Bb5 a6 4.Ba4 Nf6 5.O-O Be7 6.Re1 b5 7.Bb3 O-O 8.c3 d6
9.h3 Nb8 10.d4 Nbd7 11.Nbd2 Bb7 12.Bc2 Re8 13.Nf1 Bf8 14.Ng3 g6 15.a4 Bg7
16.d5 Qb8 17.b3 c6 18.c4 bxc4 19.bxc4 Rc8 20.Be3 Qc7 21.Rc1 Rab8 22.Bd3 Qa5
23.Bd2 Qc7 24.a5 Nc5 25.Bc2 Qe7 26.Rb1 Rc7 27.Be3 Nfd7 28.Qd2 cxd5 29.cxd5 Rf8
30.Rec1 Rcc8 31.Ne1 h5 32.h4 Ba8 33.Nf3 Bf6 34.Bd1 Rb8 35.Ng5 Bg7 36.Qe2 Rfd8
37.Bc2 Rdc8 38.Bd3 Rxb1 39.Rxb1 Bb7 40.Bc2 Rc7  1/2-1/2

[Event "Bundesliga 8283"]
[Site "Germany"]
[Date "1983.??.??"]
[Round "?"]
[White "Lau, Ralf"]
[Black "Sonntag, Hans Hubert"]
[Result "1-0"]
[WhiteElo "2395"]
[BlackElo "2320"]

1.e4 e5 2.Nf3 Nc6 3.Bb5 a6 4.Ba4 Nf6 5.O-O Be7 6.Re1 b5 7.Bb3 d6 8.c3 O-O
9.h3 Nb8 10.d4 Nbd7 11.Nbd2 Bb7 12.Bc2 Re8 13.Nf1 Bf8 14.Bg5 h6 15.Bh4 c5
16.dxe5 dxe5 17.N3h2 Qb6 18.Qf3 g6 19.Rad1 Re6 20.Ng4 Bg7 21.Nfe3 h5 22.Nxf6+ Nxf6
23.c4 Rae8 24.Qe2 Qa5 25.Bb3 b4 26.f3 Bc8 27.Qc2 Bb7 28.Ba4 Bc6 29.Bxc6 Rxc6
30.Qb3 Nh7 31.Nd5 g5 32.Bf2 Nf8 33.a3 bxa3 34.Qxa3 Qxa3 35.bxa3 Ne6 36.Rb1 Nd4
37.Rb7 Bf8 38.Reb1 g4 39.hxg4 hxg4 40.fxg4 Rg6 41.g5 Ree6 42.Be3 Bd6 43.R1b2 Bf8
44.Rf2  1-0

[Event "BUL-ch"]
[Site "Pernik"]
[Date "1983.??.??"]
[Round "3"]
[White "Georgiev, Krum"]
[Black "Kolev, Atanas"]
[Result "1/2-1/2"]
[WhiteElo "2450"]
[BlackElo "2200"]

1.e4 e5 2.Nf3 Nc6 3.Bb5 a6 4.Ba4 Nf6 5.O-O Be7 6.Re1 b5 7.Bb3 O-O 8.c3 d6
9.h3 Nb8 10.d4 Nbd7 11.Bc2 Bb7 12.Nbd2 Re8 13.b3 Bf8 14.d5 c5 15.a4 g6 16.Bd3 b4
17.cxb4 cxb4 18.a5 Nc5 19.Bc2 Bc8 20.Nc4 Rb8 21.Bd2 Qc7 22.Qb1 Bg7 23.Qa2 Rb5
24.Rac1 Nfd7 25.Be3 Rf8 26.Qb1 Bb7 27.Nfd2 Kh8 28.Nf1 f5 29.exf5 Nf6  1/2-1/2

[Event "Tilburg"]
[Site "Tilburg"]
[Date "1983.??.??"]
[Round "?"]
[White "Ljubojevic, Ljubomir"]
[Black "Spassky, Boris V"]
[Result "1/2-1/2"]
[WhiteElo "2645"]
[BlackElo "2605"]

1.e4 e5 2.Nf3 Nc6 3.Bb5 a6 4.Ba4 Nf6 5.O-O Be7 6.Re1 b5 7.Bb3 d6 8.c3 O-O
9.h3 Nb8 10.d4 Nbd7 11.Nbd2 Bb7 12.Bc2 Re8 13.b3 c6 14.a4 Bf8 15.Bb2 g6 16.Bd3 Bg7
17.Qc2 Qb6 18.b4 c5 19.bxc5 dxc5 20.axb5 axb5 21.Rxa8 Bxa8 22.Nxe5 Nxe5 23.dxe5 Nd7
24.c4 b4 25.f4 g5 26.e6 Qxe6 27.e5 gxf4 28.Bxh7+ Kf8 29.Bf5 Qe7 30.e6 Qg5
31.Bxg7+ Kxg7 32.Nb3 f3 33.Rd1 Nf8 34.Nxc5 fxe6 35.Re1 Bc6 36.Qb2+ Kg8 37.Nxe6 Qxg2+
38.Qxg2+ fxg2 39.Re2 Nxe6 40.Rxe6 Rxe6 41.Bxe6+ Kg7 42.c5 Kf6  1/2-1/2

[Event "Warsaw"]
[Site "Warsaw"]
[Date "1983.??.??"]
[Round "9"]
[White "Georgiev, Krum"]
[Black "Sygulski, Artur"]
[Result "1/2-1/2"]
[WhiteElo "2440"]
[BlackElo "2425"]

1.e4 e5 2.Nf3 Nc6 3.Bb5 a6 4.Ba4 Nf6 5.O-O Be7 6.Re1 b5 7.Bb3 d6 8.c3 O-O
9.h3 Nb8 10.d4 Nbd7 11.Nbd2 Bb7 12.Bc2 c5 13.Nf1 Re8 14.d5 g6 15.a4 Nb6 16.Ne3 Nxa4
17.Bxa4 bxa4 18.Nc4 Bc8 19.Qxa4  1/2-1/2

[Event "OHRA"]
[Site "Amsterdam"]
[Date "1984.??.??"]
[Round "8"]
[White "De Wit, Johannes S"]
[Black "Van der Sterren, Paul"]
[Result "1/2-1/2"]
[WhiteElo "2395"]
[BlackElo "2455"]

1.e4 e5 2.Nf3 Nc6 3.Bb5 a6 4.Ba4 Nf6 5.O-O Be7 6.Re1 b5 7.Bb3 d6 8.c3 O-O
9.h3 Nb8 10.d4 Nbd7 11.Bg5 Bb7 12.Nbd2 h6 13.Bh4 Re8 14.Bc2 c5 15.dxc5 dxc5
16.Nf1 Qc7 17.N3h2 Nf8 18.Qf3 Ng6 19.Bxf6 Bxf6 20.Ng4 Be7 21.Nge3 h5 22.Nh2 Nf4
23.h4 g6 24.g3 Ne6 25.Nd5 Bxd5 26.exd5 Nf8 27.g4 hxg4 28.Qxg4 Nh7 29.Qg3 Nf6
30.Ng4 Nh5 31.Qf3 Bf8 32.Nf6+ Nxf6 33.Qxf6 Qd8 34.Qxd8 Raxd8 35.Rad1 Kg7
36.Re3 Bd6 37.h5 gxh5 38.Kg2 Rh8 39.Rh1 Kf6 40.Rf3+ Ke7 41.Rfh3 Bc7 42.Be4 Rdg8+
43.Kf1 Rg4 44.Bf3 Ra4 45.Rxh5 Rxh5 46.Rxh5 Rxa2 47.Rh7 Rxb2 48.Bh5 Ba5 49.Rxf7+ Kd6
50.Rf6+ Kxd5 51.Bf7+ Ke4  1/2-1/2

[Event "Bayamo"]
[Site "Bayamo"]
[Date "1984.??.??"]
[Round "?"]
[White "Zapata, Alonso"]
[Black "Rodriguez, Amador"]
[Result "1/2-1/2"]
[WhiteElo "2470"]
[BlackElo "2445"]

1.e4 e5 2.Nf3 Nc6 3.Bb5 a6 4.Ba4 Nf6 5.O-O b5 6.Bb3 Be7 7.Re1 d6 8.c3 O-O
9.h3 Nb8 10.d4 Nbd7 11.Nbd2 Bb7 12.Bc2 Re8 13.b3 Bf8 14.Bb2 c5 15.a4 Qb6
16.d5 g6 17.Nf1 Nh5 18.Ne3 Bg7 19.Ra2 Rab8 20.Bc1 Bc8 21.g3 Ndf6 22.Kg2 Bd7
23.Nh2 Qc7 24.Nhg4 Qc8 25.Rh1 Rf8 26.Nxf6+ Nxf6 27.g4 h5 28.f3 Qd8 29.Bd2 Bh6
30.Qe2 Bf4 31.Nd1 Bxd2 32.Qxd2 Kg7 33.Ne3 Rh8 34.axb5 axb5 35.Ra7 Ra8 36.Rxa8 Qxa8
37.c4 Qa2 38.cxb5 Bxb5 39.Qc3 Ra8 40.Kg3 Qa5 41.Qxa5 Rxa5 42.Rd1 Ra2 43.Rd2 Kh6
44.Rf2 Ra1 45.Nd1 hxg4 46.hxg4 Kg5 47.Rd2 Ne8 48.Nc3 Nc7 49.Bd1 Ba6 50.Ra2 Rc1
51.Rc2 Rxc2 52.Bxc2 Nb5 53.Na4 Nd4 54.Bd1 f5 55.gxf5 gxf5 56.Nc3 Bd3 57.exf5 Kxf5
58.Kf2 Kf4 59.Na2 e4 60.fxe4 Bxe4 61.b4 c4 62.Nc3 Ke5 63.Bh5 Bf5 64.b5 Bc8
65.b6 Bb7 66.Be8 Nb3 67.Ke3 Na5 68.Bh5 Ba8 69.Bg4 Bb7 70.Bh3 Nb3 71.Bf1 Na5
72.Bh3 Ba6 73.Bg4 Bb7 74.Bh3 Ba6 75.Bd7 Bb7  1/2-1/2

[Event "Belgrade"]
[Site "Belgrade"]
[Date "1984.??.??"]
[Round "?"]
[White "Sznapik, Aleksander"]
[Black "Lukacs, Peter"]
[Result "1/2-1/2"]
[WhiteElo "2460"]
[BlackElo "2470"]

1.e4 e5 2.Nf3 Nc6 3.Bb5 a6 4.Ba4 Nf6 5.O-O Be7 6.Re1 b5 7.Bb3 d6 8.c3 O-O
9.h3 Nb8 10.d4 Nbd7 11.Nbd2 Bb7 12.Bc2 Re8 13.b3 Bf8 14.Bb2 g6 15.a4 Nh5
16.c4  1/2-1/2

[Event "EU-ch U20"]
[Site "Groningen"]
[Date "1984.??.??"]
[Round "7"]
[White "Nijboer, Friso"]
[Black "Thorsteins, Karl"]
[Result "1/2-1/2"]
[WhiteElo "2285"]
[BlackElo "2375"]

1.e4 e5 2.Nf3 Nc6 3.Bb5 a6 4.Ba4 Nf6 5.O-O Be7 6.Re1 b5 7.Bb3 d6 8.c3 O-O
9.h3 Nb8 10.d4 Nbd7 11.Nbd2 Bb7 12.Bc2 Re8 13.Nf1 d5 14.Ng3 Nxe4 15.Nxe4 dxe4
16.Bxe4 Bxe4 17.Rxe4 Bf6 18.Be3 exd4 19.Rxe8+ Qxe8 20.Bxd4 Qe4 21.Qb3 Bxd4
22.cxd4 Nf6 23.Rc1 Rc8 24.Rc5 Nd7 25.Rc3 h6 26.Re3 Qc6 27.Re7 Rf8 28.Ne5 Nxe5
29.dxe5 Qc1+ 30.Kh2 Qc5 31.Rd7 Qxe5+ 32.g3 Qf5 33.Rd2 Re8 34.Qc2 Qe5 35.Qc6 Re6
36.Rd8+ Kh7 37.Qc2+ g6 38.Rd7 Re7 39.Rd3 Qe2 40.Rc3 b4 41.Rxc7 Kg7 42.Kg2 Re3
43.Qxe2 Rxe2 44.Ra7  1/2-1/2

[Event "HUN-ch"]
[Site "HUN"]
[Date "1984.??.??"]
[Round "10"]
[White "Sax, Gyula"]
[Black "Lukacs, Peter"]
[Result "1/2-1/2"]
[WhiteElo "2575"]
[BlackElo "2470"]

1.e4 e5 2.Nf3 Nc6 3.Bb5 a6 4.Ba4 Nf6 5.O-O Be7 6.Re1 b5 7.Bb3 d6 8.c3 O-O
9.h3 Nb8 10.d4 Nbd7 11.Nbd2 Bb7 12.Bc2 Re8 13.Nf1 Bf8 14.Ng3 g6 15.a4 c5
16.d5 c4 17.Bg5 h6 18.Be3 Nc5 19.Ra3 Qc7 20.Qd2 Kh7 21.Rea1 Reb8 22.Qc1  1/2-1/2

[Event "JUG-ch"]
[Site "?"]
[Date "1984.??.??"]
[Round "6"]
[White "Simic, Radoslav"]
[Black "Hulak, Krunoslav"]
[Result "1/2-1/2"]
[WhiteElo "2485"]
[BlackElo "2510"]

1.e4 e5 2.Nf3 Nc6 3.Bb5 a6 4.Ba4 Nf6 5.O-O Be7 6.Re1 b5 7.Bb3 d6 8.c3 O-O
9.h3 Nb8 10.d4 Nbd7 11.Nbd2 Bb7 12.Bc2 Re8 13.Nf1 Bf8 14.Ng3 g6 15.b3 Rc8
16.Bb2  1/2-1/2

[Event "London P&D Knights"]
[Site "London"]
[Date "1984.??.??"]
[Round "5"]
[White "Large, Peter G"]
[Black "Jackson, Sheila"]
[Result "1-0"]
[WhiteElo "2295"]
[BlackElo "2185"]

1.e4 e5 2.Nf3 Nc6 3.Bb5 a6 4.Ba4 Nf6 5.O-O Be7 6.Re1 b5 7.Bb3 d6 8.c3 O-O
9.h3 Nb8 10.d4 Nbd7 11.Nbd2 Bb7 12.Bc2 Re8 13.Nf1 d5 14.exd5 exd4 15.Nxd4 Nxd5
16.Qd3 Nf8 17.Nf5 Bf6 18.Qg3 Qd7 19.Bg5 Bxg5 20.Qxg5 Ng6 21.h4 h6 22.Qg3 Ndf4
23.N1e3 Be4 24.Bxe4 Rxe4 25.Qf3 Rae8 26.h5 Nd3 27.hxg6 Nxe1 28.gxf7+ Qxf7
29.Rxe1 R4e5 30.Rd1 Rf8 31.Nh4 Qe6 32.Qg3 Rf7 33.Nf3 Re4 34.a3 Kh7 35.Nd4 Qa2
36.Nef5 Qxb2 37.Qd3 Rf4 38.Ne7+ Kh8 39.Ng6+ Kg8 40.Nxf4 Rxf4 41.Qe3 Rf6 42.Ne6 Qxa3
43.Rd8+ Kh7 44.Qd3+ g6 45.Qd7+  1-0

[Event "Lvov"]
[Site "Lvov"]
[Date "1984.??.??"]
[Round "7"]
[White "Tal, Mihail"]
[Black "Psakhis, Lev"]
[Result "1/2-1/2"]
[WhiteElo "2620"]
[BlackElo "2535"]

1.e4 e5 2.Nf3 Nc6 3.Bb5 a6 4.Ba4 Nf6 5.O-O Be7 6.Re1 b5 7.Bb3 O-O 8.c3 d6
9.h3 Nb8 10.d4 Nbd7 11.Nbd2 Bb7 12.Bc2 Re8 13.Nf1 d5 14.exd5 exd4 15.Nxd4 Nxd5
16.Ne3 Nxe3 17.Bxe3 Bf8 18.Bf4 Rxe1+ 19.Qxe1 Nb6  1/2-1/2

[Event "New York op"]
[Site "New York"]
[Date "1984.??.??"]
[Round "5"]
[White "Ljubojevic, Ljubomir"]
[Black "Reshevsky, Samuel Herman"]
[Result "1-0"]
[WhiteElo "2635"]
[BlackElo "2460"]

1.e4 e5 2.Nf3 Nc6 3.Bb5 a6 4.Ba4 Nf6 5.O-O Be7 6.Re1 b5 7.Bb3 d6 8.c3 O-O
9.h3 Nb8 10.d4 Nbd7 11.Nbd2 Bb7 12.Bc2 Re8 13.b3 Bf8 14.d5 c6 15.c4 Qc7 16.Nf1 g6
17.Bd2 bxc4 18.bxc4 a5 19.N3h2 h5 20.Re3 cxd5 21.cxd5 Rec8 22.Rc3 Qd8 23.Ra3 Nc5
24.Rb1 a4 25.Be3 Ba6 26.Nd2 Qa5 27.Nhf3 Nfd7 28.Ne1 Rcb8 29.Nb3 Qc7 30.Nxc5 Nxc5
31.Bxc5 dxc5 32.Rxa4 c4 33.Nf3 Rxb1 34.Bxb1 Qb8 35.Bc2 Bd6 36.Qc1 Bb5 37.Rxa8 Qxa8
38.a4 Be8 39.Nd2 c3 40.Nc4 Bc5 41.Nxe5 Bxa4 42.Qa1 Qb8 43.Qxc3 Bxf2+ 44.Kxf2 Bxc2
45.Qd4 Qd6 46.Nf3 f6 47.e5 fxe5 48.Qxe5 Qxe5 49.Nxe5 Kg7 50.d6 Kf6 51.Ke3 g5
52.Kd4 h4 53.d7 Ke7 54.Nf7 Kxd7 55.Nxg5 Kd6 56.Nf3 Ke6 57.Ke3 Kf6 58.Nxh4 Bb1
59.Nf3 Bc2 60.g4 Bg6 61.Kf4 Be8 62.Ne5 Ba4 63.h4 Bb5 64.h5 Kg7 65.Kg5 Ba6
66.Nc6 Bc4 67.Nd4 Bd3 68.Ne6+ Kh7 69.Nf4 Bc4 70.Kf6 Bb3 71.g5 Bc4 72.h6 Bb3
73.Ne6  1-0

[Event "Pernik"]
[Site "Pernik"]
[Date "1984.??.??"]
[Round "7"]
[White "Korzubov, Peter"]
[Black "Antonov, Vladimir"]
[Result "1/2-1/2"]
[WhiteElo "2470"]
[BlackElo "2360"]

1.e4 e5 2.Nf3 Nc6 3.Bb5 a6 4.Ba4 Nf6 5.O-O Be7 6.Re1 b5 7.Bb3 d6 8.c3 O-O
9.h3 Nb8 10.d4 Nbd7 11.Nbd2 Bb7 12.Bc2 Re8 13.Nf1 d5 14.Nxe5 dxe4 15.Bg5 Nxe5
16.dxe5 Nd7 17.Bxe7 Rxe7 18.Bxe4 Bxe4 19.Rxe4 Nxe5 20.Qe2 Ng6 21.Re1 Rxe4
22.Qxe4 Rb8 23.Ng3 Nf8 24.Nf5 Ne6 25.Qe5 Qf8 26.Re3 h6 27.Rg3 Kh7 28.Nd4 Nxd4
29.cxd4 Rd8 30.Rc3 Qd6 31.Rxc7 Qxd4 32.Qf5+ Kh8 33.Qxf7 Qxb2 34.Ra7 a5 35.Kh2 a4
36.f4 Qd4 37.a3 Rb8 38.Rd7 Qc3 39.Re7 Qd4 40.Rc7 Rg8 41.Rb7 Qe3 42.Rxb5  1/2-1/2

[Event "BUL-ch"]
[Site "Sofia"]
[Date "1984.??.??"]
[Round "?"]
[White "Georgiev, Krum"]
[Black "Antonov, Vladimir"]
[Result "1/2-1/2"]
[WhiteElo "2455"]
[BlackElo "2365"]

1.e4 e5 2.Nf3 Nc6 3.Bb5 a6 4.Ba4 Nf6 5.O-O Be7 6.Re1 b5 7.Bb3 d6 8.c3 O-O
9.h3 Nb8 10.d4 Nbd7 11.Nbd2 Bb7 12.Bc2 Re8 13.a4 Bf8 14.b4 Nb6 15.axb5 axb5
16.Rxa8 Qxa8 17.dxe5 dxe5 18.Bd3 c6 19.Qb3 Bc8 20.c4 bxc4 21.Nxc4 Nxc4 22.Bxc4 Be6
23.Bb2 Bd6 24.Ng5 Bxc4 25.Qxc4 Qb7 26.Rd1 Bb8  1/2-1/2

[Event "CSR-ch"]
[Site "Sumperk"]
[Date "1984.??.??"]
[Round "11"]
[White "Jansa, Vlastimil"]
[Black "Priehoda, Vitezslav"]
[Result "1/2-1/2"]
[WhiteElo "2475"]
[BlackElo "2275"]

1.e4 e5 2.Nf3 Nc6 3.Bb5 a6 4.Ba4 Nf6 5.O-O Be7 6.Re1 b5 7.Bb3 d6 8.c3 O-O
9.h3 Nb8 10.d4 Nbd7 11.Nbd2 Bb7 12.Bc2 Re8 13.Nf1 d5 14.exd5 exd4 15.Nxd4 Bxd5
16.Bg5 Bf8 17.Ne3 Bb7 18.Ndf5 h6 19.Bf4 Ne5 20.Qe2 c5 21.Rad1 Qb6 22.b3 Qc6  1/2-1/2

[Event "Thessaloniki ol (Women)"]
[Site "Thessaloniki"]
[Date "1984.??.??"]
[Round "3"]
[White "Wu Mingqian"]
[Black "Jackson, Sheila"]
[Result "1/2-1/2"]
[WhiteElo "2030"]
[BlackElo "2190"]

1.e4 e5 2.Nf3 Nc6 3.Bb5 a6 4.Ba4 Nf6 5.O-O Be7 6.Re1 b5 7.Bb3 d6 8.c3 O-O
9.h3 Nb8 10.d4 Nbd7 11.Nbd2 Bb7 12.Bc2 Re8 13.Nf1 Bf8 14.Ng3 g6 15.b3 Bg7
16.Bb2 c5 17.d5 a5 18.Bd3 Ba6 19.Qe2 Qb6 20.Nd2 Rec8 21.Reb1 h5 22.Bc1 h4
23.Ngf1 Nh5 24.Nf3 Nf4 25.Qd1 Qd8 26.Ne3 Qe7 27.Bf1 Nf6 28.Nd2 Kh7 29.Kh2 Bh6
30.Ng4 Bg7 31.c4 b4 32.g3 hxg3+ 33.fxg3 N4h5 34.Qe2 Rh8 35.a3 Nxg4+ 36.Qxg4 Bc8
37.Qf3 Bd7 38.axb4 axb4 39.Bg2 Bh6 40.Nf1 Bxc1 41.Rxc1 Kg7 42.Ne3 Qf6 43.h4 Qxf3
44.Bxf3 Nf6 45.Kg2 Rhb8 46.Nc2 Ng4 47.Bxg4 Bxg4 48.Re1 Bd7 49.Rxa8 Rxa8 50.Ra1 Rxa1
51.Nxa1 Bg4 52.Kf2 f5 53.Nc2 Bd1 54.Ne3 Bxb3 55.exf5 Ba2 56.fxg6 Kxg6 57.g4 Bb1
58.Ke2 e4 59.Kd2 Bd3 60.Kc1 Kf6 61.Kb2 Be2 62.Kb3 Bf3 63.Kc2 Be2  1/2-1/2

[Event "Thessaloniki ol (Women)"]
[Site "Thessaloniki"]
[Date "1984.??.??"]
[Round "4"]
[White "Brustman, Agnieszka"]
[Black "Cuevas Rodriguez, Ma Luisa"]
[Result "1-0"]
[WhiteElo "2315"]
[BlackElo "1965"]

1.e4 e5 2.Nf3 Nc6 3.Bb5 a6 4.Ba4 Nf6 5.O-O Be7 6.Re1 b5 7.Bb3 d6 8.c3 O-O
9.h3 Nb8 10.d4 Nbd7 11.Nbd2 Bb7 12.Bc2 Re8 13.Nf1 Bf8 14.Bg5 h6 15.Bh4 g6
16.dxe5 dxe5 17.N3h2 Bg7 18.Qf3 c5 19.Ng4 Qb6 20.Rad1 h5 21.Nge3 Nf8 22.Ng3 Re6
23.Rd2 N6h7 24.Nd5 Bxd5 25.exd5 Ree8 26.d6 Ra7 27.Be7 Ne6 28.Nxh5 Bh6 29.Rdd1 Neg5
30.Nf6+ Nxf6 31.Qxf6 Raxe7 32.Qxe7 Qc6 33.Qf6 Re6 34.Qd8+ Re8 35.Qc7 Qa8
36.d7 Rd8 37.Rxe5 Ne6 38.Qb6 Ng5 39.Qxd8+  1-0

[Event "Thessaloniki ol (Women)"]
[Site "Thessaloniki"]
[Date "1984.??.??"]
[Round "12"]
[White "Lematschko, Tatjana"]
[Black "Cuevas Rodriguez, Ma Luisa"]
[Result "1/2-1/2"]
[WhiteElo "2305"]
[BlackElo "1965"]

1.e4 e5 2.Nf3 Nc6 3.Bb5 a6 4.Ba4 Nf6 5.O-O Be7 6.Re1 b5 7.Bb3 d6 8.c3 O-O
9.h3 Nb8 10.d4 Nbd7 11.Nbd2 Bb7 12.Bc2 Re8 13.Nf1 Bf8 14.g4 d5 15.Nxe5 Nxe4
16.f3 Nd6 17.Qd3 g6 18.Bf4 Bg7 19.Nxd7 Qxd7 20.b3 Rxe1 21.Rxe1 Re8 22.Ne3 Re6
23.Bd1 Qe7 24.Re2 Qf6 25.Ng2 Rxe2 26.Bxe2 Qe7 27.Qd2 f5 28.Ne1 Bc8 29.Nd3 Nf7
30.Qe3 Qxe3+ 31.Bxe3 fxg4 32.hxg4 a5 33.Bf4 Nd6 34.Bxd6 cxd6 35.b4 axb4 36.Nxb4 Bh6
37.Nxd5 Be6 38.Nc7 Bxa2 39.Nxb5 d5 40.Kf2 Bf4 41.Bd3 Bb3 42.Ke2 Kf7 43.Na3 Ke6
44.Nb1 Kd6 45.Nd2 Ba2 46.Nf1 Ke6 47.Ne3 Kf6 48.Bb5 h5 49.gxh5 gxh5 50.Bd7 Bb3  1/2-1/2

[Event "URS Cup"]
[Site "URS"]
[Date "1984.??.??"]
[Round "?"]
[White "Giorgadze, Tamaz"]
[Black "Mikhalchishin, Adrian"]
[Result "1/2-1/2"]
[WhiteElo "2495"]
[BlackElo "2480"]

1.e4 e5 2.Nf3 Nc6 3.Bb5 a6 4.Ba4 Nf6 5.O-O Be7 6.Re1 b5 7.Bb3 d6 8.c3 O-O
9.h3 Nb8 10.d4 Nbd7 11.Nbd2 Bb7 12.Bc2 Re8 13.Nf1 d5 14.exd5 exd4 15.Nxd4 Bxd5
16.Bg5 Bf8 17.Ne3 Bb7 18.Ng4 Rxe1+ 19.Qxe1 c5 20.Ne6 fxe6 21.Qxe6+ Kh8 22.Bxf6 Nxf6
23.Ne5 Qd5 24.Nf7+ Kg8 25.Nh6+ Kh8  1/2-1/2

[Event "Valjevo"]
[Site "Valjevo"]
[Date "1984.??.??"]
[Round "2"]
[White "Simic, Radoslav"]
[Black "Kostic, Vladimir"]
[Result "1/2-1/2"]
[WhiteElo "2470"]
[BlackElo "2300"]

1.e4 e5 2.Nf3 Nc6 3.Bb5 a6 4.Ba4 Nf6 5.O-O b5 6.Bb3 Be7 7.Re1 d6 8.c3 O-O
9.h3 Nb8 10.d4 Nbd7 11.Nbd2 c5 12.Nf1 cxd4 13.cxd4 Bb7  1/2-1/2

[Event "URS-ch U20"]
[Site "Vilnius"]
[Date "1984.??.??"]
[Round "3"]
[White "Sokolov, Andrei"]
[Black "Sturua, Zurab"]
[Result "1-0"]
[WhiteElo "2495"]
[BlackElo "2450"]

1.e4 e5 2.Nf3 Nc6 3.Bb5 a6 4.Ba4 Nf6 5.O-O Be7 6.Re1 b5 7.Bb3 d6 8.c3 O-O
9.h3 Nb8 10.d4 Nbd7 11.Nbd2 Bb7 12.Bc2 Re8 13.Nf1 d5 14.Nxe5 Nxe4 15.Nxf7 Kxf7
16.Rxe4 Nf6 17.Re2 Bd6 18.Bg5 Rxe2 19.Qxe2 Qe7 20.Qf3 Rf8 21.Ne3 Kg8 22.Ng4 Kh8
23.Nxf6 gxf6 24.Bf4 Bc8 25.Bxd6 Qxd6 26.Re1 Be6 27.Bf5 Bg8 28.Qg3 Qxg3 29.fxg3 Rb8
30.a3 a5 31.Re7 Rb7 32.b4 Ra7 33.Kh2 Rb7 34.g4 Ra7 35.Kg3 Rb7 36.Kh4 Ra7
37.g5 fxg5+ 38.Kxg5 axb4 39.axb4 Ra2 40.g4  1-0

[Event "URS-ch U20"]
[Site "Vilnius"]
[Date "1984.??.??"]
[Round "9"]
[White "Korzubov, Peter"]
[Black "Sturua, Zurab"]
[Result "1/2-1/2"]
[WhiteElo "2470"]
[BlackElo "2450"]

1.e4 e5 2.Nf3 Nc6 3.Bb5 a6 4.Ba4 Nf6 5.O-O Be7 6.Re1 b5 7.Bb3 d6 8.c3 O-O
9.h3 Nb8 10.d4 Nbd7 11.Nbd2 Bb7 12.Bc2 Re8 13.Nf1 d5 14.Nxe5 Nxe5 15.dxe5 Nxe4
16.Bxe4 dxe4 17.Bf4 Bc5 18.Ng3 e3 19.Bxe3 Rxe5 20.Qxd8+ Rxd8 21.Bxc5 Rxc5
22.Rad1 Rxd1 23.Rxd1 g6 24.a3 Kg7 25.f3 a5 26.Rd2 b4 27.axb4 axb4 28.cxb4 Rc4
29.b5 Rb4 30.Rc2 Rxb5  1/2-1/2